| 000 | 00958nam a22002297a 4500 | ||
|---|---|---|---|
| 008 | 110503s2004 enk|||||r|||| 001 0 eng d | ||
| 020 | _a0198529996 | ||
| 020 | _a9780198529996 | ||
| 082 |
_222 _a362.12 _bBUR |
||
| 100 |
_94922 _aBurns, Tom, _d1959- |
||
| 245 |
_aCommunity Mental Health Teams : _bA Guide to Current Practices / _cTom Burns |
||
| 260 |
_aOxford : _bOxford University Press, 2004. _c2004 |
||
| 300 |
_a211 p. ; _c24 cm. |
||
| 490 |
_921270 _aOxford Medical Publications |
||
| 504 | _aIncludes bibliographical references (p.191-203) and index | ||
| 650 |
_923542 _aMental health care teams |
||
| 650 |
_923543 _aCommunity mental health services _xEmployees |
||
| 650 |
_923542 _aMental health care teams |
||
| 653 |
_bNUR _cApril2011 |
||
| 942 |
_2ddc _cNRB |
||
| 999 |
_c15231 _d15231 |
||